000
00192nmm a2200085Ia 4500
008
220120s9999||||xx |||||||||||||||||und||
100
_a
EFY
245
0
_a
Knoppix 7.7.1
260
_a
EFY enterprises
999
_c
140022
_d
140022